000 00573nam a2200169 a 4500
001 000034277
005 20200930073621.0
008 110929s2002 es 000 0 spa d
020 _a8474328306
240 1 0 _aL objet en psycbanalyse
_ltítulo original en francés
245 0 3 _aEl objeto en psicoanálisis :
_bbel fetiche, el cuerpo, el niño, la ciencia /
_cM. Augé ... [et al.] ; traducción Irene Agoff.
260 _aBarcelona :
_bGedisa,
_c2002.
300 _a155 p. ;
_c24 cm.
700 1 _aAugé, Marc
_959707
700 1 _aAgoff, Irene
_912465
999 _c33768
_d33768
040 _aDO-SdBNP